|
|
|
|
| LEADER |
01541cam a2200373 a 4500 |
| 001 |
c000278636 |
| 003 |
CARM |
| 005 |
20071220111528.0 |
| 008 |
810220s1967 nyu b 100 0 eng d |
| 010 |
|
|
|a 67025040
|
| 019 |
1 |
|
|a 27513470
|z 675631
|5 LACONCORD2021
|
| 020 |
|
|
|a 0814733840 (cover)
|
| 020 |
|
|
|a 0814701973 (pbk.)
|
| 020 |
|
|
|z 0814733848 (verso t.p.)
|
| 035 |
|
|
|a (OCoLC)170594
|5 LACONCORD2021
|
| 040 |
|
|
|a NWU
|c VCAV
|
| 050 |
|
4 |
|a HB201
|b .N4 1966
|
| 082 |
0 |
4 |
|a 330.162
|
| 245 |
0 |
0 |
|a Human values and economic policy :
|b a symposium /
|c edited by Sidney Hook.
|
| 260 |
|
|
|a New York :
|b New York University Press,
|c c1967.
|
| 300 |
|
|
|a x, 268 p ;
|c 21 cm.
|
| 500 |
|
|
|a Proceedings of the 8th annual New York University Institute of Philosophy held at Washington Square, New York, May 13-14, 1966.
|
| 504 |
|
|
|a Includes bibliographical references and index.
|
| 650 |
|
0 |
|a Social values
|x Congresses.
|
| 650 |
|
0 |
|a Values
|x Congresses.
|
| 650 |
|
0 |
|a Value
|x Congresses.
|
| 700 |
1 |
|
|a Hook, Sidney,
|d 1902-1989.
|
| 710 |
2 |
|
|a New York University.
|
| 711 |
2 |
|
|a New York University Institute of Philosophy
|p 8th
|d (1966)
|
| 852 |
8 |
|
|b CARM
|h A1:AL34A0
|i A05316
|p 0456670
|f BK
|
| 852 |
8 |
|
|b CARM
|h A1:AO02B0
|i B08191
|p 0401335
|f BK
|
| 999 |
f |
f |
|i b9145de0-5e16-5650-bdca-2614038f462c
|s 19195a18-5ac2-5b0b-bfa8-348a91483a11
|
| 952 |
f |
f |
|p Can circulate
|a CAVAL
|b CAVAL
|c CAVAL
|d CARM 1 Store
|e A05316
|f A1:AL34A0
|h Other scheme
|i book
|m 0456670
|
| 952 |
f |
f |
|p Can circulate
|a CAVAL
|b CAVAL
|c CAVAL
|d CARM 1 Store
|e B08191
|f A1:AO02B0
|h Other scheme
|i book
|m 0401335
|